000 01016cab a2200289 4500
001 ABS57273
008 090401t1997 xxu||||| |||| 00| 0 eng d
035 _a(Sirsi) u79725
041 _aeng
245 _aBudget
260 _c1997
350 _a0
490 _aConstruction News
_v(6523) 10 July 1997, 8-9(2)
520 _aRound up of construction industry reaction to the new Labour Government`s first budget, that is viewed as pouring more money into construction and spreading funds around the country. Reviews issues in employment, PFI, a new aggregates tax, increased housing finance, and the threat to housebuilders from rises in interest rates and stamp duty.
650 _aAGGREGATES TAX
650 _aBUDGET
650 _aCONSTRUCTION INDUSTRY
650 _aEMPLOYMENT
650 _aHOUSE BUILDING
650 _aPFI
650 _aPRIVATE FINANCE INITIATIVE
650 _aPUBLIC FUNDING
650 _aQUARRYING
690 _aECONOMIC AND SOCIAL
942 _n0
948 _c18/07/1997
999 _c50152
_d50152